000 01125cam a2200301 a 4500
001 14108164
005 20170105102857.0
008 050914s2005 at a b 001 0 eng d
010 _a 2005440382
020 _a0170127427
040 _aANL
_beng
_cDLC
042 _alccopycat
043 _au-nz---
050 0 0 _aHC665
_b.R66 2005
082 0 4 _a338.993
_222
100 1 _aRoper, Brian S.
_q(Brian Staples),
_d1961-
245 1 0 _aProsperity for all? :
_beconomic, social and political change in New Zealand since 1935 /
_cBrian S. Roper.
260 _aSouthbank, Vic. :
_bThomson/Dunmore Press,
_c2005.
300 _axxiii, 280 p. :
_bill., ;
_c24 cm.
504 _aInclude bibliographic references (p. [255]-273) and index.
521 _aFor tertiary students.
651 0 _aNew Zealand
_xEconomic conditions
_y20th century.
651 0 _aNew Zealand
_xSocial conditions
_y20th century.
651 0 _aNew Zealand
_xPolitics and government
_y20th Century.
906 _a7
_bcbc
_ccopycat
_d2
_encip
_f20
_gy-gencatlg
942 _2ddc
_cBK
999 _c14535
_d14535